Műszaki haladás és gazdasági növekedés

Elmentve itt :
Bibliográfiai részletek
Szerző: Szanyi Miklós
Dokumentumtípus: Cikk
Megjelent: 2018
Sorozat:MAGYAR TUDOMÁNY 179 No. 9
Tárgyszavak:
doi:10.1556/2065.179.2018.9.9

mtmt:3407548
Online Access:http://publicatio.bibl.u-szeged.hu/39966
LEADER 00714nab a2200217 i 4500
001 publ39966
005 20260424132846.0
008 260424s2018 hu o 000 hun d
022 |a 0025-0325 
024 7 |a 10.1556/2065.179.2018.9.9  |2 doi 
024 7 |a 3407548  |2 mtmt 
040 |a SZTE Publicatio Repozitórium  |b hun 
041 |a hun 
100 1 |a Szanyi Miklós 
245 1 0 |a Műszaki haladás és gazdasági növekedés  |h [elektronikus dokumentum] /  |c  Szanyi Miklós 
260 |c 2018 
300 |a 17 
300 |a 1359-1375 
490 0 |a MAGYAR TUDOMÁNY  |v 179 No. 9 
650 4 |a Közgazdasági és gazdálkodástudományok 
856 4 0 |u http://publicatio.bibl.u-szeged.hu/39966/1/FILE_UP_1_szanyi.pdf  |z Dokumentum-elérés